Best Move to Chess Board - Statistics

General Stats
  • This quiz has been taken 37 times
  • The average score is 3 of 8
Answer Stats
Picture Answer % Correct
g3+
96%
c8=Q+
30%
d8=Q+
30%
c8=N#
26%
d8=Q+
26%
Qxb7#
26%
0-0-0#
15%
Qxf7#
15%
No matching quizzes found
Score Distribution
Percent of People with Each Score
Percentile by Number Answered
Your Score History
You have not taken this quiz